| 000 | 00894nam a2200217Ia 4500 | ||
|---|---|---|---|
| 001 | 11540 | ||
| 003 | GE_BSU | ||
| 008 | 181216s||||||||xx |||||||||||||| ||und|| | ||
| 040 | _cGE_BSU | ||
| 080 | _a016:050(479.22) | ||
| 100 | _aბაქრაძ,გ.ი. | ||
| 245 | _aქართული პერიოდიკის ბიბლიოგრაფია.1819–1945. | ||
| 245 | _bმასალები ქართული ჟურნალისტიკის ისტორიისათვის. | ||
| 245 | _cვ.ეგნატაშვილის რედ. | ||
| 260 | _aთბილისი | ||
| 260 | _bსაქ. სსრ სახ. წიგნის პალატა | ||
| 260 | _c1947 | ||
| 300 | _a271გვ;29სმ. | ||
| 653 | _aქართული პერიოდიკის ბიბლიოგრაფია.1819–1945. | ||
| 942 | _cBK | ||
| 999 |
_c44735 _d44735 |
||